Statistiken für Fußballer nach Bildern #6

Klicken Sie hier um das Quiz zu spielen!

Allgemein

  • Dieses Quiz wurde 599 mal gespielt
  • Das Durchschnittsergebnis liegt bei 13 aus 16

Antwortstatistiken

Antwort% Korrekt
Thomas Müller
100%
Gianluigi Buffon
95%
Niklas Süle
95%
Antoine Griezmann
94%
Son Heung-min
94%
Raphaël Varane
86%
David de Gea
85%
Sébastien Haller
83%
Daley Blind
76%
Sandro Tonali
73%
Luka Jović
72%
Enzo Fernández
68%
Marcos Aoás Corrêa
68%
Iñaki Williams
66%
Rafael Borré
59%
Hirving Lozano
50%

Verteilung der Resultate

Perzentil nach korrekt beantworteten Fragen

Anzahl Personen mit jedem Resultat

Ihre Resultats-Entwicklung

Sie haben dieses Quiz noch nicht gespielt